|
|
|
|
| LEADER |
02040nam a2200565 a 4500 |
| 001 |
nkc20122426759 |
| 003 |
CZ PrNK |
| 005 |
20130403111622.0 |
| 007 |
ta |
| 008 |
121116s2012 xr a e 000 0 cze |
| 015 |
|
|
|a cnb002426759
|
| 020 |
|
|
|a 978-80-7331-243-5
|q (brož.)
|
| 035 |
|
|
|a (OCoLC)823821699
|
| 040 |
|
|
|a ABA001
|b cze
|
| 041 |
0 |
|
|a cze
|b eng
|
| 072 |
|
7 |
|a 792
|x Divadlo. Divadelní představení
|2 Konspekt
|9 3
|
| 080 |
|
|
|a 792
|2 MRF
|
| 080 |
|
|
|a 001.2
|2 MRF
|
| 080 |
|
|
|a 792.09
|2 MRF
|
| 080 |
|
|
|a 316.77
|2 MRF
|
| 080 |
|
|
|a 316.774
|2 MRF
|
| 080 |
|
|
|a 792:316.72/.75
|2 MRF
|
| 080 |
|
|
|a (048.8)
|2 MRF
|
| 100 |
1 |
|
|a Žantovská, Irena,
|d 1963-
|7 js20011212020
|4 aut
|
| 245 |
1 |
0 |
|a Divadlo jako komunikační médium /
|c Irena Žantovská
|
| 250 |
|
|
|a 1. vyd.
|
| 260 |
|
|
|a Praha :
|b Nakladatelství Akademie múzických umění,
|c 2012
|
| 300 |
|
|
|a 233 s. :
|b barev. il. ;
|c 20 cm
|
| 504 |
|
|
|a Obsahuje bibliografii
|
| 546 |
|
|
|a Anglické resumé
|
| 650 |
0 |
7 |
|a divadlo
|7 ph119513
|x mezioborový kontext
|2 czenas
|
| 650 |
0 |
7 |
|a divadelní představení
|7 ph114331
|2 czenas
|
| 650 |
0 |
7 |
|a komunikace (sdělování)
|7 ph114956
|2 czenas
|
| 650 |
0 |
7 |
|a média
|7 ph115395
|2 czenas
|
| 650 |
0 |
7 |
|a divadlo a společnost
|7 ph206858
|2 czenas
|
| 650 |
0 |
9 |
|a theater
|x interdisciplinary context
|2 eczenas
|
| 650 |
0 |
9 |
|a theater performances
|2 eczenas
|
| 650 |
0 |
9 |
|a human communication
|2 eczenas
|
| 650 |
0 |
9 |
|a media
|2 eczenas
|
| 650 |
0 |
9 |
|a theater and society
|2 eczenas
|
| 655 |
|
7 |
|a studie
|7 fd133597
|2 czenas
|
| 655 |
|
9 |
|a studies
|2 eczenas
|
| 910 |
2 |
|
|a BOA001
|b 1-1301.122
|
| 928 |
9 |
|
|a Akademie múzických umění v Praze
|
| 990 |
|
|
|a BK
|
| 995 |
|
|
|a 01
|
| 991 |
|
|
|b 201303
|c NOV
|e n
|
| 996 |
6 |
|
|b 2610540827
|c 1-1301.122
|l MZK
|r Sklad / do 1 hodiny
|n 5
|p p.v.
|w 001314862
|u 000010
|a 1
|e BOA001
|j MZK50
|s P
|
| 996 |
7 |
|
|b 2610544099
|c 1-1301.122
|l Vol.výběr
|r VV 1p
|n 5
|p kup
|h 792 ŽAN
|w 001314862
|u 000020
|a 0
|e BOA001
|j MZK50
|s A
|
| 996 |
7 |
|
|b 2610544100
|c 1-1301.122
|l Vol.výběr
|r VV 1p
|n 32
|p kup
|h 792 ŽAN
|w 001314862
|u 000030
|a 0
|e BOA001
|j MZK50
|s A
|